Central Library OPAC University of Rajshahi

অবনীন্দ্র রচনাবলী / (Record no. 48047)

MARC details
000 -LEADER
fixed length control field 00862nam a2200229 a 4500
001 - CONTROL NUMBER
control field 48047
003 - CONTROL NUMBER IDENTIFIER
rucl marc code BD-RjUL
005 - DATE AND TIME OF LATEST TRANSACTION
control field 20211209054440.0
008 - FIXED-LENGTH DATA ELEMENTS--GENERAL INFORMATION
fixed length control field 160811s1994 bg ||||| |||| 00| 0 ben d
020 ## - INTERNATIONAL STANDARD BOOK NUMBER
Terms of availability : IRs. 60.00
035 ## - SYSTEM CONTROL NUMBER
System control number (BD-RjUL)48166
040 ## - CATALOGING SOURCE
Original cataloging agency BD-RjUL
Language of cataloging ben
Transcribing agency BD-RjUL
041 ## - LANGUAGE CODE
Language code of text/sound track or separate title ben
082 ## - DEWEY DECIMAL CLASSIFICATION NUMBER
Edition number 23
Classification number 891.4408
Author mark and year TAA 1994
100 1# - MAIN ENTRY--PERSONAL NAME
Personal name ঠাকুর, অবনীন্দ্রনাথ
9 (RLIN) 121196
245 10 - TITLE STATEMENT
Title অবনীন্দ্র রচনাবলী /
Statement of responsibility, etc. অবনীন্দ্রনাথ ঠাকুর
260 ## - PUBLICATION, DISTRIBUTION, ETC. (IMPRINT)
Place of publication, distribution, etc. কলিকাতা :
Name of publisher, distributor, etc. প্রকাশ ভবন,
Date of publication, distribution, etc. ১৯৯৪
300 ## - PHYSICAL DESCRIPTION
Pagination ৩৬০ :
Size ২১ সেমি
Illustrations চিত্র ;
650 ## - SUBJECT ADDED ENTRY--TOPICAL TERM
Topical term or geographic name as entry element বাংলা সাহিত্য
General subdivision সংগ্রহ
9 (RLIN) 122902
Topical term or geographic name as entry element Bengali Literature
General subdivision Collection
9 (RLIN) 122903
942 ## - ADDED ENTRY ELEMENTS (KOHA)
Source of classification or shelving scheme Dewey Decimal Classification
Koha item type Books
Holdings
Lost status Source of classification or shelving scheme Damaged status Not for loan Collection code Permanent Location Current Location Shelving location Date acquired Source of acquisition Cost, normal purchase price Total Checkouts Full call number Date last seen Copy number Koha item type
  Dewey Decimal Classification     Non-fiction Central Library, University of Rajshahi Central Library, University of Rajshahi   01/02/1997 Aunkur prakashani, Dhaka 60.00   B 891.4408 TAA 1994 11/08/2016 C-2 Books